00435nam a2200181Ia 4500008004100000041001300041082001100054100001400065245003500079260000900114365000800123520001300131546001300144630003500157650001300192655001300205730003500218101110s9999 xx 000 0 und d aSANSKRIT bJR4310 aBhat G.K. aVenisanhar Bhatt Narayan prant c1957 b7.5 aSanskrit aSANSKRIT aVenisanhar Bhatt Narayan prant aSanskrit aSanskrit aVenisanhar Bhatt Narayan prant